Consumer behavior / (Record no. 7735)
[ view plain ]
| 000 -LEADER | |
|---|---|
| fixed length control field | 00978nac a22003131u 4500 |
| 005 - DATE AND TIME OF LATEST TRANSACTION | |
| control field | 20150816100022.0 |
| 008 - FIXED-LENGTH DATA ELEMENTS--GENERAL INFORMATION | |
| fixed length control field | 150816s2007 njua|||frb||| 001 0 eng d |
| 010 ## - LIBRARY OF CONGRESS CONTROL NUMBER | |
| LC control number | 2005029392 |
| 020 ## - INTERNATIONAL STANDARD BOOK NUMBER | |
| International Standard Book Number | 0131869604 (alk. paper) |
| 020 ## - INTERNATIONAL STANDARD BOOK NUMBER | |
| International Standard Book Number | 9780131869608 |
| 035 ## - SYSTEM CONTROL NUMBER | |
| System control number | (OCoLC)ocm61879739 |
| 040 ## - CATALOGING SOURCE | |
| Original cataloging agency | EG-ScBUE |
| Language of cataloging | eng |
| Transcribing agency | EG-ScBUE |
| 082 04 - DEWEY DECIMAL CLASSIFICATION NUMBER | |
| Classification number | 658.8342 |
| Item number | SCH |
| Edition number | 22 |
| 100 1# - MAIN ENTRY--PERSONAL NAME | |
| Personal name | Schiffman, Leon G. |
| 9 (RLIN) | 38217 |
| 245 10 - TITLE STATEMENT | |
| Title | Consumer behavior / |
| Statement of responsibility, etc | Leon G. Schiffman, Leslie Lazar Kanuk. |
| 250 ## - EDITION STATEMENT | |
| Edition statement | 9th ed. |
| 260 ## - PUBLICATION, DISTRIBUTION, ETC. (IMPRINT) | |
| Place of publication, distribution, etc | Upper Saddle River : |
| Name of publisher, distributor, etc | Pearson Prentice Hall, |
| Date of publication, distribution, etc | c.2007. |
| 300 ## - PHYSICAL DESCRIPTION | |
| Extent | p. : |
| Other physical details | col. ill. ; |
| Dimensions | 27 cm. |
| 500 ## - GENERAL NOTE | |
| General note | Includes indexes. |
| 500 ## - GENERAL NOTE | |
| General note | Include glossary. |
| 504 ## - BIBLIOGRAPHY, ETC. NOTE | |
| Bibliography, etc | Includes bibliographical references. |
| 590 ## - LOCAL NOTE (RLIN) | |
| Local note | doaa mohamed |
| 650 #0 - SUBJECT ADDED ENTRY--TOPICAL TERM | |
| Topical term or geographic name as entry element | Consumer behavior. |
| Source of heading or term | BUEsh |
| 650 #0 - SUBJECT ADDED ENTRY--TOPICAL TERM | |
| Topical term or geographic name as entry element | Motivation research (Marketing) |
| Source of heading or term | BUEsh |
| 651 ## - SUBJECT ADDED ENTRY--GEOGRAPHIC NAME | |
| Source of heading or term | BUEsh |
| 653 ## - INDEX TERM--UNCONTROLLED | |
| Resource For college | BAEPS, Business Administration |
| 700 1# - ADDED ENTRY--PERSONAL NAME | |
| Personal name | Kanuk, Leslie Lazar. |
| 942 ## - ADDED ENTRY ELEMENTS (KOHA) | |
| Item type | NB - Book (Non borrowing) |
| Call number prefix | 658.8342SCH |
| Source of classification or shelving scheme | Dewey Decimal Classification |
| Withdrawn status | Item status | Source of classification or shelving scheme | Damaged status | Not for loan | Home library | Current library | Shelving location | Date acquired | Source of acquisition | Total Checkouts | Full call number | Barcode | Date last seen | Date last borrowed | Koha item type | Total Renewals | Vendor |
|---|---|---|---|---|---|---|---|---|---|---|---|---|---|---|---|---|---|
| Dewey Decimal Classification | Central Library | Central Library | First floor | 04/02/2008 | Purchase | 1 | 658.8342 SCH | 000009299 | 15/07/2025 | 07/06/2009 | NB - Book (Non borrowing) | ||||||
| Dewey Decimal Classification | Central Library | Central Library | First floor | 04/02/2008 | Purchase | 13 | 658.8342 SCH | 000009305 | 15/07/2025 | 17/02/2019 | Book - Borrowing | 14 | |||||
| Dewey Decimal Classification | Central Library | Central Library | First floor | 04/02/2008 | Purchase | 13 | 658.8342 SCH | 000009307 | 15/07/2025 | 16/10/2016 | Book - Borrowing | 1 | |||||
| Dewey Decimal Classification | Central Library | Central Library | First floor | 01/03/2009 | 5 | 658.8342 SCH | 000014986 | 15/07/2025 | 09/04/2016 | Book - Borrowing | 2 | Baccah | |||||
| Dewey Decimal Classification | Central Library | Central Library | First floor | 01/03/2009 | 7 | 658.8342 SCH | 000014990 | 15/07/2025 | 27/10/2016 | Book - Borrowing | 18 | Baccah | |||||
| Dewey Decimal Classification | Central Library | Central Library | First floor | 01/03/2009 | 6 | 658.8342 SCH | 000014987 | 15/07/2025 | 29/10/2016 | Book - Borrowing | 17 | Baccah | |||||
| Dewey Decimal Classification | Central Library | Central Library | First floor | 01/03/2009 | 10 | 658.8342 SCH | 000014989 | 15/07/2025 | 10/09/2017 | Book - Borrowing | 30 | Baccah | |||||
| Dewey Decimal Classification | Central Library | Central Library | First floor | 01/03/2009 | 6 | 658.8342 SCH | 000014988 | 15/07/2025 | 10/02/2016 | Book - Borrowing | 12 | Baccah |